000 02431nam0a2200361 i 4500
001 RU\NLR\BIBL_A\011107532
005 20260607073306.0
010 _a9785995006121
_9300
035 _a(NLR Aleph) 011107532
090 _a11456031
_c11456031
100 _a20160425d2015 k y0rusy50 ca
101 0 _arus
102 _aRU
105 _aach z 011yy
200 1 _aНацистская Германия против Советского Союза: планирование войны
_f[д.ист.н., проф. В.А. Золотарев, д.ист.н. В.Г. Кикнадзе, акад. РАН А.А. Кокошин ]
_gпод общ. ред. В.А. Золотарева
_gМоск. гос. ун-т им. М.В. Ломоносова, Фак. мировой политики
210 _aМосква
_cКучково поле
_d2015
215 _a316, [3] с., [12] л. ил., цв. ил., портр., факс.
_d24
300 _aНа обл.: 70 лет Победы в Великой Отечественной войне
300 _aНа корешке: Целевой конкурс
320 _aБиблиогр. в конце кн. (314 назв.) и в подстроч. примеч.
606 1 _aВторая мировая война
_xПланы фашистской Германии
_z1939 - 1945
_92419614
_3RU\NLR\AUTH\661441038
607 _aГермания
_xВнешняя политика
_z1933 - 1945
_9987243
_3RU\NLR\AUTH\6654351
686 1 _aЦ35(0)62-2
686 1 _aТ3(4Г)63-6
701 1 _8rus
_7ca
_aЗолотарев
_bВ. А.
_cд-р ист. наук, д-р юрид. наук
_f1946-
_gВладимир Антонович
_3RU\NLR\AUTH\774750
_9114727
701 1 _aКикнадзе
_bВ. Г.
_f1976-
_gВладимир Георгиевич
701 1 _7ca
_8rus
_aКокошин
_bА. А.
_f1945 -
_gАндрей Афанасьевич
_9113780
_3RU\NLR\AUTH\773788
711 1 2 _a"70 лет победы в Великой Отечественной войне", целевой конкурс проектов междисциплинарных исследований
_eМосква
_f2014
_9487292
_3RU\NLR\AUTH\880410852
712 0 2 _4570
_aМГУ им. М. В. Ломоносова
_bФакультет мировой политики
_9640061
_3RU\NLR\AUTH\8810069241
942 _cBOOK
980 _aNBR